Le Top 10 des utilisateurs JetPunk avec les tentatives - Statistiques

Statistiques générales
  • Ce quiz a été pris 2 fois
  • Le résultat moyen est 3 sur 10
Statistiques - réponses
Rank Tentatives Utilisateurs % Correct
2 36,782,930 relessness
100%
1 40,326,726 Stewart
100%
10 8,641,291 ArjayPL
50%
6 17,249,851 Gamer1162
50%
9 8,736,204 Elboy
0%
7 15,910,878 Gassu
0%
4 22,379,300 Jerry928
0%
8 11,373,549 KoljiVriVoda
0%
3 28,205,159 Quizzer6794
0%
5 19,865,708 scambigol
0%
Aucun quiz correspondant
Distribution des résultats
% des personnes avec chaque résultat
Percentile par nombre de réponses
Votre historique - résultats
Vous n’avez pas pris ce quiz